| 000 | 00789nas a2200253 4500 | ||
|---|---|---|---|
| 001 | BR2010001904 | ||
| 003 | BR-BrBNA | ||
| 005 | 20231205114018.0 | ||
| 007 | ta | ||
| 008 | 230509b bl.|||p| |||| 00| 00por d | ||
| 040 |
_aBR-BrBNA _bpor _cBiblioteca Nacional de Agricultura |
||
| 041 | _a(Pt) | ||
| 072 | _aH60 | ||
| 100 | 1 | _aSouza, M.C. de | |
| 100 | 1 | _aAlves, P.L. da C.A. | |
| 100 | 1 | _aSalgado, T.P. | |
| 245 | 1 | _aInterferência da comunidade infestante sobre plantas de Eucalyptus grandis de segundo corte | |
| 650 | _aEUCALIPTO | ||
| 650 | _aERVA DANINHA | ||
| 650 | _aCOMPETIÇÃO DE VARIEDADE | ||
| 773 | 0 |
_tScientia Forestalis (Brazil) _xISSN 1413-9324 _g(Mar 2010), v. 38(5) p. 63-71 _wBR2010001904 |
|
| 909 |
_a202311 _bLúcia _c55 _dLúcia Elande |
||
| 942 |
_2AGRIS _n0 _cANA |
||
| 999 |
_c206714 _d206714 |
||